La Parrêsía

Guardado en:
Detalles Bibliográficos
Autor principal: Foucault, Michel (Autor)
Formato: Libro
Lenguaje:español
Publicado: Madrid Biblioteca Nueva 2017
Edición:1a. ed
Colección:Clásicos del Pensamiento, 75
Materias:
Etiquetas: Agregar Etiqueta
Sin Etiquetas, Sea el primero en etiquetar este registro!

MARC

LEADER 00000cam a2200000 a 4500
001 UCC1051
003 CL-VaPUC
008 170922e20170000sp |||||||||||||||||spa|d
020 |a 9788416938315 
082 0 4 |a 194  |b FOU  |2 21 
100 |a Foucault, Michel  |e author  |9 257945 
245 1 3 |a La Parrêsía 
250 |a 1a. ed 
300 |a 173 p 
942 |c BK 
945 |d 20170922 16:51:00  |a arojas 
260 |a Madrid  |b Biblioteca Nueva  |c 2017 
650 0 |a Verdad  |9 313815 
650 0 |a Subjetividad  |9 319638 
650 7 |a FILOSOFIA POLITICA  |2 CL-VaPUC  |9 595025 
650 0 |a Filosofía francesa   |9 255698 
583 |a last modification  |c 20170922 16:51:00  |k Rodrigo Vera 
490 0 |a Clásicos del Pensamiento, 75 
999 |c 369643  |d 369641 
952 |0 0  |1 0  |3 erb  |4 0  |6 194_000000000000000_FOU_2017  |7 0  |8 A  |9 485574  |a BIBART  |b BIBART  |i 5424801  |l 3  |m 3  |o 194 FOU 2017  |p 5424801  |r 2025-03-13  |s 2023-07-28  |w 2019-11-24  |y BK  |z Catalogado en:20170922  |k ART